សិក្សាឧបករណ៍និងបច្ចេកទេសប្រើប្រាស់ក្នុងការផ្ដល់ទឹកសំរាប់ដំណំាចំការដោយប្រើកំលាំងមនុស្ស (Record no. 4219)

000 -LEADER
fixed length control field 00640nam a22001577a 4500
003 - CONTROL NUMBER IDENTIFIER
control field OSt
005 - DATE AND TIME OF LATEST TRANSACTION
control field 20151208141339.0
008 - FIXED-LENGTH DATA ELEMENTS--GENERAL INFORMATION
fixed length control field 151208b xxu||||| |||| 00| 0 eng d
040 ## - CATALOGING SOURCE
Transcribing agency RUA
082 ## - DEWEY DECIMAL CLASSIFICATION NUMBER
Classification number ATM សួស 1994 B191 Or.1
100 ## - MAIN ENTRY--PERSONAL NAME
9 (RLIN) 4529
Personal name សួស​ ចំណាន
245 ## - TITLE STATEMENT
Title សិក្សាឧបករណ៍និងបច្ចេកទេសប្រើប្រាស់ក្នុងការផ្ដល់ទឹកសំរាប់ដំណំាចំការដោយប្រើកំលាំងមនុស្ស
260 ## - PUBLICATION, DISTRIBUTION, ETC. (IMPRINT)
Place of publication, distribution, etc. Phnom Penh
Name of publisher, distributor, etc. RUA
Date of publication, distribution, etc. 1994
300 ## - PHYSICAL DESCRIPTION
Extent 44p.
Other physical details ill.
Dimensions 29cm.
942 ## - ADDED ENTRY ELEMENTS (KOHA)
Source of classification or shelving scheme
Koha item type ATM
Holdings
Price effective from Date last seen Permanent Location Not for loan Date acquired Source of classification or shelving scheme Koha item type Lost status Withdrawn status Total Renewals Date last checked out Total Checkouts Damaged status Barcode Current Location Full call number
2015-12-082018-12-28Library Block B 2015-12-08 ATM  12018-12-053 RUA44262Library Block AATM សួស 1994 B191 Or.2
2015-12-082023-06-14Library Block B 2015-12-08 ATM   2023-05-315 RUA44555Library Block BATM សួស 1994 B191 Or.1
មជ្ឈមណ្ឌលឯការនៃសាកលវិទ្យាល័យភូមិន្ទកសិកម្មចំការដូង

Powered by Koha